|
|
|
|
| LEADER |
01827nam a2200289 a 4500 |
| 001 |
00202226 |
| 003 |
BD-DhAAL |
| 008 |
100516s2003 enka b 001 0 eng d |
| 020 |
|
|
|a 0852964447
|
| 040 |
|
|
|a UKM
|c UKM
|d MIA
|d NNC
|d BD-DhAAL
|
| 082 |
0 |
4 |
|a 343.0994
|2 21
|
| 100 |
1 |
|
|a Buckley, John.
|9 58931
|
| 245 |
1 |
0 |
|a Telecommunications regulation /
|c John Buckley.
|
| 260 |
|
|
|a London :
|b Institution of Electrical Engineers,
|c 2003.
|
| 300 |
|
|
|a xxii, 240 p. :
|b ill. ;
|c 25 cm
|
| 490 |
1 |
|
|a IEE telecommunications series ;
|v 50
|
| 526 |
|
|
|a EEE
|x Md Sayeed Salam
Department of Electrical and Electronic Engineering
BRAC University
Course Name : Telecommunications Business Environment (EEE 522)
|
| 541 |
1 |
|
|e 0020226
|a Trim Education
|
| 650 |
|
0 |
|a Telecommunication
|x Law and legislation.
|9 58932
|
| 650 |
|
0 |
|a Telecommunication
|x Management.
|9 58933
|
| 710 |
2 |
|
|a Institution of Electrical Engineers.
|9 58934
|
| 830 |
0 |
|
|a IEE telecommunications series ;
|v 50
|9 58935
|
| 852 |
4 |
|
|a Ayesha Abed Library
|c General Stacks
|
| 942 |
0 |
0 |
|0 1
|2 ddc
|c BK
|
| 999 |
|
|
|c 8554
|d 8554
|
| 952 |
|
|
|0 0
|1 0
|2 ddc
|4 0
|6 343_099400000000000_BUC_2003
|7 0
|9 10157
|a BRACUL
|b BRACUL
|c GEN
|d 2010-05-16
|e Trim Education
|g 8990.00
|l 1
|m 12
|o 343.0994 BUC
|p 3010020226
|r 2015-12-07
|s 2015-09-16
|t 1
|v 17980.00
|w 2010-05-16
|y BK
|x Requisitioned by Md Sayeed Salam (Department of Electrical and Electronic Engineering, BRAC University) for the course named- "Telecommunications Business Environment (EEE 522)"
|
| 952 |
|
|
|0 0
|1 0
|2 ddc
|4 0
|6 343_099400000000000_BUC_2003
|7 0
|9 10158
|a BRACUL
|b BRACUL
|c GEN
|d 2010-05-16
|e Trim Education
|g 8990.00
|l 1
|m 14
|o 343.0994 BUC
|p 3010020227
|r 2017-08-21
|s 2017-05-16
|t 2
|v 17980.00
|w 2010-05-16
|y BK
|x Requisitioned by Md Sayeed Salam (Department of Electrical and Electronic Engineering, BRAC University) for the course named- "Telecommunications Business Environment (EEE 522)"
|